St. Francis Of Assisi: (Record no. 11648)

MARC details
000 -LEADER
fixed length control field 00448nam a22001577a 4500
003 - CONTROL NUMBER IDENTIFIER
control field OSt
005 - DATE AND TIME OF LATEST TRANSACTION
control field 20260617094231.0
008 - FIXED-LENGTH DATA ELEMENTS--GENERAL INFORMATION
fixed length control field 260617b |||||||| |||| 00| 0 eng d
040 ## - CATALOGING SOURCE
Transcribing agency DLC
050 ## - LIBRARY OF CONGRESS CALL NUMBER
Classification number 271.302
Item number R839S
082 ## - DEWEY DECIMAL CLASSIFICATION NUMBER
Classification number 271.302
Item number R839S
245 ## - TITLE STATEMENT
Title St. Francis Of Assisi:
Remainder of title the best from all his work/
Statement of responsibility, etc. Compiled and edited by Stephen Rost
260 ## - PUBLICATION, DISTRIBUTION, ETC.
Place of publication, distribution, etc. Nashville:
Name of publisher, distributor, etc. Thomas Nelson Publishers,
Date of publication, distribution, etc. 1989.
300 ## - PHYSICAL DESCRIPTION
Extent 284p.
942 ## - ADDED ENTRY ELEMENTS (KOHA)
Source of classification or shelving scheme Dewey Decimal Classification
Koha item type Books
Holdings
Withdrawn status Lost status Source of classification or shelving scheme Materials specified (bound volume or other part) Damaged status Not for loan Collection code Home library Current library Shelving location Date acquired Total Checkouts Full call number Barcode Date last seen Price effective from Koha item type
    Dewey Decimal Classification Vol. 2     Non-fiction Harvest Mission College Harvest Mission College General Stacks 17.06.2026   271.302 R839S 013479 17.06.2026 17.06.2026 Books

OPAC Designed and Maintained by HMC Library Team.
Copyright © HMC Library,Greater Noida, UP.
For any Suggestions/Query Contact library via Email:libhmc@gmail.com